000 01008cam a2200325 i 4500
001 016481224
003 EG-ScBUE
005 20250617100727.0
008 141216t2014 enka f b 001 0 eng d
020 _a9781292023267 (paperback)
020 _a1292023260 (paperback)
040 _aStDuBDS
_beng
_erda
_cStDuBDS
_dEG-ScBUE
082 0 4 _a539
_bHAR
_222
100 1 _aHarris, Randy,
_eauthor.
_95066
245 1 0 _aModern physics /
_cRandy Harris.
250 _aSecond edition.
250 _aPearson New international edition.
264 1 _aHarlow :
_bPearson Education Limited,
_c[2014]
264 4 _cc2014
300 _aii, 636 pages :
_billustrations ;
_c28 cm
336 _2rdacontent
_atext
_btxt
337 _aunmediated
_2rdamedia
_bn
338 _avolume
_bnc
_2rdacarrier
504 _aIncludes bibliographical references and index.
650 0 _aPhysics.
_2BUEsh
651 _2BUEsh
653 _bENGGEN
_cOctober2015
655 _vReading book
_934232
942 _2ddc
_cBB
999 _c20935
_d20907